Central Library OPAC University of Rajshahi

Makers of modern strategy : (Record no. 5367)

MARC details
000 -LEADER
fixed length control field 01110nam a2200313 a 4500
001 - CONTROL NUMBER
control field 5367
003 - CONTROL NUMBER IDENTIFIER
rucl marc code BD-RjUL
005 - DATE AND TIME OF LATEST TRANSACTION
control field 20211208234044.0
008 - FIXED-LENGTH DATA ELEMENTS--GENERAL INFORMATION
fixed length control field 131226t19731943nju 001 0 eng u
020 ## - INTERNATIONAL STANDARD BOOK NUMBER
International Standard Book Number 0691018537 (pbk.)
International Standard Book Number 0691069077 (hbk)
035 ## - SYSTEM CONTROL NUMBER
System control number oxf98405079
-- (BD-RjUL)5403
040 ## - CATALOGING SOURCE
Original cataloging agency BRB
Modifying agency EQO
Language of cataloging eng
Transcribing agency BD-RjUL
041 ## - LANGUAGE CODE
Language code of text/sound track or separate title eng
082 04 - DEWEY DECIMAL CLASSIFICATION NUMBER
Edition number 18
Classification number 355.43
Author mark and year EAM 1973
090 ## - LOCALLY ASSIGNED LC-TYPE CALL NUMBER (OCLC); LOCAL CALL NUMBER (OCLC)
Classification number (OCLC) (R) ; Classification number, CALL (RLIN) (NR) U39
Local cutter number (OCLC) ; Book number/undivided call number, CALL (RLIN) .E2 1971
100 1# - MAIN ENTRY--PERSONAL NAME
Personal name Earle, Edward Mead,
Dates associated with a name 1894-1954.
9 (RLIN) 16870
245 10 - TITLE STATEMENT
Title Makers of modern strategy :
Remainder of title military thought from Machiavelli to Hitler /
Statement of responsibility, etc. edited by Edward Mead Earl with the collaboration of Gordon A. Craig and Felix Gilbert.
260 ## - PUBLICATION, DISTRIBUTION, ETC. (IMPRINT)
Place of publication, distribution, etc. Princeton :
Name of publisher, distributor, etc. Princeton University Press,
Date of publication, distribution, etc. c1971 [Printing 1973].
300 ## - PHYSICAL DESCRIPTION
Pagination xi, 553 p. ;
Size 24 cm.
504 ## - BIBLIOGRAPHY, ETC. NOTE
Bibliography, etc "Bibliographical notes": p. [521]-547.
650 #0 - SUBJECT ADDED ENTRY--TOPICAL TERM
Topical term or geographic name as entry element Military art and science
General subdivision History.
9 (RLIN) 16871
Topical term or geographic name as entry element Military history.
9 (RLIN) 16872
Topical term or geographic name as entry element Strategy.
9 (RLIN) 16873
Topical term or geographic name as entry element War.
9 (RLIN) 16874
700 1# - ADDED ENTRY--PERSONAL NAME
Personal name Craig, Gordon Alexander,
Dates associated with a name 1913-2005.
Personal name Gilbert, Felix,
Dates associated with a name 1905-1991
942 ## - ADDED ENTRY ELEMENTS (KOHA)
Source of classification or shelving scheme Dewey Decimal Classification
Koha item type Books
Holdings
Lost status Source of classification or shelving scheme Damaged status Not for loan Permanent Location Current Location Shelving location Date acquired Source of acquisition Cost, normal purchase price Total Checkouts Full call number Date last seen Copy number Koha item type Collection code
  Dewey Decimal Classification   Not For Loan Central Library, University of Rajshahi Central Library, University of Rajshahi   27/05/1985 Tulip Ent. 81.25   355.43 EAM 1973 26/12/2013 C-1 Books  
  Dewey Decimal Classification     Central Library, University of Rajshahi Central Library, University of Rajshahi   27/05/1985 Tulip 81.25   355.43 EAM 1973 29/09/2016 C-2 Books Non-fiction